000 00410nam a2200181Ia 4500
008 230524s9999 xx 000 0 und d
020 _aPCE009
082 _a415
_bRAI
100 _aUrmila Rai
245 0 _aBusiness Communication
250 _a7TH
260 _aNEW DELHI
_bHimalaya
_c2005
300 _aIX;365
500 _aQuantity Number: 5
650 _aEnglish
700 _a S. M Rai
942 _cBK
999 _c4577
_d4577